<?xml version="1.0" encoding="UTF-8"?>
<record
    xmlns:xsi="http://www.w3.org/2001/XMLSchema-instance"
    xsi:schemaLocation="http://www.loc.gov/MARC21/slim http://www.loc.gov/standards/marcxml/schema/MARC21slim.xsd"
    xmlns="http://www.loc.gov/MARC21/slim">

  <leader>01192nam a2200253 i 4500</leader>
  <controlfield tag="001">163084</controlfield>
  <controlfield tag="003">ES-MaACL</controlfield>
  <controlfield tag="005">20250809063530.0</controlfield>
  <controlfield tag="008">931025s1734    fr f         |||| | fre d</controlfield>
  <datafield tag="100" ind1="1" ind2=" ">
    <subfield code="a">R&#xE9;aumur, Ren&#xE9; Antoine Ferchault de, </subfield>
    <subfield code="d">1683-1757</subfield>
    <subfield code="9">153964</subfield>
  </datafield>
  <datafield tag="245" ind1="1" ind2="0">
    <subfield code="a">Memoires pour servir a l'histoire des insectes / </subfield>
    <subfield code="c">par M. de Reaumur... ; Tome premier, Sur les chenilles &amp; sur les papillons.</subfield>
  </datafield>
  <datafield tag="246" ind1="3" ind2=" ">
    <subfield code="a">Sur les chenilles &amp; sur les papillons</subfield>
  </datafield>
  <datafield tag="260" ind1=" " ind2=" ">
    <subfield code="a">a Paris : </subfield>
    <subfield code="b">de l'imprimerie royale, </subfield>
    <subfield code="c">1734.</subfield>
  </datafield>
  <datafield tag="300" ind1=" " ind2=" ">
    <subfield code="a">4], 654,  2] p.,  50] h. de grab. pleg. ; </subfield>
    <subfield code="c">4&#xBA;.</subfield>
  </datafield>
  <datafield tag="530" ind1=" " ind2=" ">
    <subfield code="a">Disponible en formato digital.</subfield>
  </datafield>
  <datafield tag="597" ind1=" " ind2=" ">
    <subfield code="a">Sign. : *2, A-Z4, 2A-2Z4, 3A-3Z4, 4A-4N4.</subfield>
  </datafield>
  <datafield tag="597" ind1=" " ind2=" ">
    <subfield code="a">Port. con esc. xil.</subfield>
  </datafield>
  <datafield tag="599" ind1=" " ind2=" ">
    <subfield code="a">Grab. calc. "Simonneau del. et sculp." en cabecera de texto.</subfield>
  </datafield>
  <datafield tag="599" ind1=" " ind2=" ">
    <subfield code="a">Las h. de grab. pleg. calc. "Simonneau del et sculp." dibujos de insectos.</subfield>
  </datafield>
  <datafield tag="650" ind1=" " ind2="7">
    <subfield code="a">Insectos</subfield>
    <subfield code="2">embne</subfield>
    <subfield code="9">13823</subfield>
  </datafield>
  <datafield tag="852" ind1="4" ind2=" ">
    <subfield code="a">ES-MaACL</subfield>
    <subfield code="j">R-1123-28          </subfield>
    <subfield code="z">- Enc. pasta espa&#xF1;ola</subfield>
    <subfield code="z">- Ex-libris de la Biblioteca Real  </subfield>
    <subfield code="x">Olim: G-12039-44</subfield>
  </datafield>
  <datafield tag="856" ind1="4" ind2=" ">
    <subfield code="u">https://hdl.handle.net/11441/120521 </subfield>
    <subfield code="z">Dep&#xF3;sito de Investigaci&#xF3;n Universidad de Sevilla</subfield>
  </datafield>
  <datafield tag="999" ind1=" " ind2=" ">
    <subfield code="c">163084</subfield>
    <subfield code="d">163084</subfield>
  </datafield>
  <datafield tag="952" ind1=" " ind2=" ">
    <subfield code="0">0</subfield>
    <subfield code="1">0</subfield>
    <subfield code="4">0</subfield>
    <subfield code="7">0</subfield>
    <subfield code="8">Colecci&#xF3;n_digital</subfield>
    <subfield code="a">ATENEOM</subfield>
    <subfield code="b">ATENEOM</subfield>
    <subfield code="c">DEPO</subfield>
    <subfield code="d">2008-01-17</subfield>
    <subfield code="l">0</subfield>
    <subfield code="o">R-1123-28</subfield>
    <subfield code="p">1170890</subfield>
    <subfield code="r">2023-02-23 00:00:00</subfield>
    <subfield code="w">2023-02-23</subfield>
    <subfield code="y">MONANT</subfield>
  </datafield>
</record>
